NJ Municipalities - Bergen County - Statistics

General Stats
  • This quiz has been taken 641 times
    639 since last reset
  • The average score is 46 of 70
Answers on the Map
Answers color-coded by a green-red scale on the quiz's map according to % correct below.
 
Answer Stats
Answer % Correct
Paramus
88%
Fort Lee
87%
Mahwah
86%
Hackensack
84%
Englewood
81%
Alpine
80%
Ridgewood
78%
Teaneck
78%
Edgewater
76%
Englewood Cliffs
76%
Rutherford
76%
Bergenfield
75%
East Rutherford
75%
Ramsey
75%
Ho-Ho-Kus
74%
Tenafly
74%
Upper Saddle River
74%
Garfield
73%
Lodi
72%
Saddle River
72%
Fair Lawn
71%
Old Tappan
69%
Oradell
69%
Cliffside Park
67%
Franklin Lakes
67%
Oakland
67%
Closter
66%
Dumont
66%
Westwood
66%
South Hackensack
65%
Washington Township
65%
Wyckoff
65%
Leonia
64%
Montvale
64%
Saddle Brook
64%
Teterboro
64%
Cresskill
63%
Demarest
63%
Maywood
63%
Palisades Park
63%
Ridgefield
63%
River Vale
63%
Carlstadt
62%
Glen Rock
62%
North Arlington
62%
Bogota
61%
Lyndhurst
61%
Northvale
61%
River Edge
61%
Allendale
60%
Emerson
60%
Norwood
60%
Waldwick
60%
Elmwood Park
59%
Hasbrouck Heights
58%
Midland Park
58%
Ridgefield Park
58%
Fairview
57%
New Milford
57%
Park Ridge
57%
Wallington
57%
Haworth
56%
Hillsdale
56%
Harrington Park
54%
Rockleigh
54%
Little Ferry
53%
Wood-Ridge
53%
Moonachie
51%
Woodcliff Lake
51%
Rochelle Park
50%
No matching quizzes found
Score Distribution
Percent of People with Each Score
Percentile by Number Answered
Your Score History
You have not taken this quiz since the last reset